000 00321nam a22001337a 4500
999 _c55050
_d55050
008 200205b ||||| |||| 00| 0 eng d
041 _aeng
080 _2615.83
_a615.83
082 _a615.83
100 _a8
101 _aEGZ
245 _aPƫrgatitja Pisko-Motorrike e Volejbollistƫve
_cTahiraj,E.N
942 _2udc
_cBK